| 000 | 01338nam a2200217 4500 | ||
|---|---|---|---|
| 005 | 20260407100445.0 | ||
| 008 | 260320b |||||||| |||| 00| 0 eng d | ||
| 020 | _a9783031602450 | ||
| 037 | _cTextual | ||
| 040 |
_aRTL _cRTL |
||
| 084 |
_qRTL _aX9:77 R4 |
||
| 245 | _aInformal sector in economic development: An analytical foundation | ||
| 260 |
_aSwitzerland _bSpringer _c2024 |
||
| 300 |
_axiv, 106p. : ill. _bIncludes bibliographical references & index |
||
| 520 | _aThis book bridges the gap between theoretical and empirical understandings of the informal sector to provide insight into the role of the informal sector within the development process. By analysing three economic sectors, it sets out a framework for analysing urbanisation, rural-urban migration, agriculture- industry relationship, income inequality, structural change, employment, and optimal growth. Through highlighting the economic contribution of the informal sector, its impact on the national output and influence on the labour market is shown, alongside how employment opportunities in the informal sector drive rural and urban migration. | ||
| 650 | _aEconomic Development | ||
| 650 |
_aAnalyzing urbanization _91132651 |
||
| 650 |
_aIncome inequality _91132652 |
||
| 700 |
_aBhattacharya, Prabir _9752216 |
||
| 942 |
_2CC _n1 _cTB _hX9:77 R4 |
||
| 999 |
_c1715824 _d1715824 |
||